Railway costing, (Record no. 542971)

000 -LEADER
fixed length control field 00413nam a22001337a 4500
082 ## - DEWEY DECIMAL CLASSIFICATION NUMBER
Classification number 385.1
Author Mark RAI
110 ## - MAIN ENTRY--CORPORATE NAME
Corporate name or jurisdiction name as entry element Canadian Transport Comission.
9 (RLIN) 38358
245 ## - TITLE STATEMENT
Title Railway costing,
Remainder of title state of the Art.
Statement of responsibility, etc. Canadian Transport Comission.
260 ## - PUBLICATION, DISTRIBUTION, ETC.
Place of publication, distribution, etc. Wshington :
Name of publisher, distributor, etc. Canadian transport commission,
Date of publication, distribution, etc. c1982.
300 ## - PHYSICAL DESCRIPTION
Extent Misc pages.
526 ## - STUDY PROGRAM INFORMATION NOTE
Program name 0
Interest level 0
Reading level 0
Title point value 385_100000000000000_RAI
650 ## - SUBJECT ADDED ENTRY--TOPICAL TERM
Topical term or geographic name entry element D
9 (RLIN) 6527
942 ## - ADDED ENTRY ELEMENTS (KOHA)
Source of classification or shelving scheme
Koha item type Book
Holdings
Withdrawn status Lost status Source of classification or shelving scheme Damaged status Not for loan Permanent Location Current Location Date acquired Total Checkouts Full call number Barcode Date last seen Price effective from Koha item type
          Military College of Engineering (MCE) Military College of Engineering (MCE) 02/27/2014   385.1 RAI MCE-43230 02/27/2014 02/27/2014 Book
© 2023 Central Library, National University of Sciences and Technology. All Rights Reserved.